Náš zvonček

Bibliographic Details
Other Authors: Struhár, Alojz, 1892-1968 (Illustrator)
Format: Article
Language:Slovak
PhysicalDescription:Obr.
Subjects:

MARC

LEADER 00000nab a22000001a 4500
001 vtls010035348
003 SK-MaSNL
005 20260304215051.0
008 100104d19330427xo |r|p|||| |000 b|slo
015 |a SNBRRBVU1918-1938 
038 |a SNKBUCL 
038 |a SNKBUVU 
040 |a SNKBUVU  |b slo  |c SNKBUCL  |e AACR2 
041 0 |a slo 
044 |a xo  |c SK 
080 |a 75.05(084.1)  |2 1997 
245 0 0 |a Náš zvonček  |c [ilustr] A. Struhár 
300 |b Obr. 
650 0 7 |a slovenské maliarstvo  |2 MM  |9 3124 
650 0 7 |a ilustrácie  |2 MM  |9 2743 
655 7 |a reprodukcie výtvarných diel  |2 MM  |9 310790 
700 1 |a Struhár, Alojz,  |d 1892-1968  |4 ill  |9 264701 
773 0 |t Mladý život  |g Roč. 1, č. 15 (27.4.1933), s. 3 
852 |a SNK  |b KIS3GCP 
910 |a snkrbvumm 
958 |a VY 
999 |c 3144591  |d 3146521